| 000 | 00966nam a22002777a 4500 | ||
|---|---|---|---|
| 001 | BR6001800 | ||
| 003 | BR-BrBNA | ||
| 005 | 20230928083106.0 | ||
| 007 | ta | ||
| 008 | 230509b bl.||||| |||| 00| 0 por d | ||
| 040 |
_aBR-BrBNA _bpor _cBiblioteca Nacional de Agricultura |
||
| 041 | _a(Por) | ||
| 072 | _aE10; D50 | ||
| 090 | _ E10 BR6001800 | ||
| 110 | 1 |
_aMinisterio da Agricultura, Rio de Janeiro, GB (Brasil). Diretoria de Estatistica da Producao _96931 |
|
| 245 | 1 | _aLei das cooperativas. Texto do Decreto no. 22.239 de 19 de dezembro de 1932 com as alteracoes introduzidas pelo Decreto lei no. 581 de 1 de agosto de 1938. Decreto lei do registro, fiscalizacao e assistencia as cooperativas | |
| 260 | 3 |
_aRio de Janeiro, GB (Brasil): _c1938. |
|
| 300 | _a39 p. | ||
| 650 | _aMacroeconomia | ||
| 650 | _aLegislacao | ||
| 650 | _aCooperativa | ||
| 650 | _aDecreto | ||
| 650 | _aDecreto-lei | ||
| 909 |
_a202309 _bLucia _c55 _dLucia Elande |
||
| 942 | _cBK | ||
| 999 |
_c11521 _d11521 |
||